Pleito donde se señalan que tipo de alimentos solicitó la Marquesa de Loriana al Marqués de la Andrada

Detalles Bibliográficos
Otros Autores: Marquesa de Loriana, Marqués de la Andrada
Formato: Libro
Publicado: s.l., s.f.
Materias:
Colección:Banco de datos
Acervo:Biblioteca Palafoxiana. Colección de Manuscritos
Descripción Física:2 f. ; 31 x 21 cm.
Tema general:Civil
LEADER 00478nam a22001570004500
035 |a 1127 
245 1 0 |a Pleito donde se señalan que tipo de alimentos solicitó la Marquesa de Loriana al Marqués de la Andrada 
260 |a s.l., s.f. 
300 |a 2 f. ; 31 x 21 cm. 
650 1 0 |a Civil 
700 1 |a Marquesa de Loriana 
700 1 |a Marqués de la Andrada 
949 |a 19948/038 
942 |c PALAMANU 
943 |g Biblioteca Palafoxiana. Colección de Manuscritos 
999 |c 1069072  |d 1069072